| 000 | 00993nas a2200325 4500 | ||
|---|---|---|---|
| 001 | BR0700271 | ||
| 003 | BR-BrBNA | ||
| 005 | 20231205110508.0 | ||
| 007 | ta | ||
| 008 | 230509b bl.|||p| |||| 00| 00por d | ||
| 040 |
_aBR-BrBNA _bpor _cBiblioteca Nacional de Agricultura |
||
| 041 | _a(Pt) | ||
| 072 | _aF04; F01 | ||
| 100 | 1 | _aMagalhães, J.A. | |
| 100 | 1 | _aLopes, E.A. | |
| 100 | 1 | _aRodrigues, B.H.N. | |
| 100 | 1 | _aCosta, N. de L. | |
| 100 | 1 | _aBarros, N.N. | |
| 100 | 1 | _aMattei, D.A. | |
| 245 | 1 | _aInfluência da adubação nitrogenada e da idade de corte sobre o rendimento forrageiro do capim-elefante | |
| 650 | _aCAPIM ELEFANTE | ||
| 650 | _aFERTILIZANTE NITROGENADO | ||
| 650 | _aÉPOCA DE CORTE | ||
| 650 | _aRENDIMENTO | ||
| 650 | _aMATÉRIA SECA | ||
| 650 | _aESTATURA DE PLANTA | ||
| 773 | 0 |
_tRevista Ciência Agronômica (Brazil) _xISSN 0045-6888 _g(2006), v. 37(1) p. 91-96 _wBR0700271 |
|
| 909 |
_a202311 _bLúcia _c55 _dLúcia Elande |
||
| 942 |
_2AGRIS _n0 _cANA |
||
| 999 |
_c187619 _d187619 |
||